| 000 | 01783nam a2200421 a 4500 | ||
|---|---|---|---|
| 001 | ebr10462202 | ||
| 003 | CaPaEBR | ||
| 006 | m u | ||
| 007 | cr cn||||||||| | ||
| 008 | 110121s2011 enkab sb 001 0 eng d | ||
| 010 | _z 2010674105 | ||
| 020 | _z9781845117979 | ||
| 020 | _z9780857719201 (e-book) | ||
| 040 |
_aCaPaEBR _cCaPaEBR |
||
| 035 | _a(OCoLC)720669720 | ||
| 043 | _au-nz--- | ||
| 050 | 1 | 4 |
_aQH197.5 _b.B756 2011eb |
| 082 | 0 | 4 |
_a508.93 _222 |
| 100 | 1 |
_aBrooking, Tom, _d1949- |
|
| 245 | 1 | 0 |
_aSeeds of empire _h[electronic resource] : _bthe environmental transformation of New Zealand / _cTom Brooking and Eric Pawson ; with Paul Star ... [et al.]. |
| 260 |
_aLondon ; _aNew York, N.Y. : _bI. B. Tauris, _c2011. |
||
| 300 |
_axx, 276 p. : _bill., maps. |
||
| 490 | 1 |
_aEnvironmental history and global change series ; _v4 |
|
| 504 | _aIncludes bibliographical references and index. | ||
| 533 |
_aElectronic reproduction. _bPalo Alto, Calif. : _cebrary, _d2013. _nAvailable via World Wide Web. _nAccess may be limited to ebrary affiliated libraries. |
||
| 650 | 0 |
_aNatural history _zNew Zealand. |
|
| 650 | 0 |
_aLandscapes _zNew Zealand _xHistory _y20th century. |
|
| 650 | 0 |
_aGrasslands _zNew Zealand _xHistory _y20th century. |
|
| 650 | 0 |
_aDeforestation _zNew Zealand _xHistory _y20th century. |
|
| 650 | 0 |
_aNature _xEffect of human beings on _zNew Zealand. |
|
| 650 | 0 |
_aHuman geography _zNew Zealand _xHistory _y20th century. |
|
| 655 | 7 |
_aElectronic books. _2local |
|
| 700 | 1 | _aPawson, Eric. | |
| 700 | 1 | _aStar, Paul. | |
| 710 | 2 | _aebrary, Inc. | |
| 830 | 0 |
_aEnvironmental history and global change series ; _v4. |
|
| 856 | 4 | 0 |
_uhttp://site.ebrary.com/lib/rucke/Doc?id=10462202 _zAn electronic book accessible through the World Wide Web; click to view |
| 999 |
_c130995 _d130995 |
||